Tabulky vah technických materiálů : určeno pro pracovníky ve skladech, kalkulačních odd. a konstrukčních kancelářích /

Další autoři: Glanc, František
Jazyk: Čeština
Vydáno: Praha : Státní nakladatelství technické literatury, 1955
Vydání: 1. vyd.
Edice: Řada strojírenské literatury
Externí odkaz: Digitalizovaný dokument
Fyzický popis: 397, [1] s. : il. ; 8°
Knihy
Uloženo v:
LEADER 01258nam a22002892a 4500
001 000801959
003 CZ BrMZK
005 20160427125832.0
007 ta
008 051215s1955 xr a er|||||||||||cze d
015 |a cnb000718848 
040 |a ABA001  |b cze  |c ULG001  |d ABA001 
245 0 0 |a Tabulky vah technických materiálů :  |b určeno pro pracovníky ve skladech, kalkulačních odd. a konstrukčních kancelářích /  |c sestavil František Glanc ... [et al.] 
250 |a 1. vyd. 
260 |a Praha :  |b Státní nakladatelství technické literatury,  |c 1955 
300 |a 397, [1] s. :  |b il. ;  |c 8° 
490 1 |a Řada strojírenské literatury 
500 |a Dostupné též v digitální podobě v aplikaci Kramerius 
504 |a Obsahuje bibliografii 
700 1 |a Glanc, František  |7 jk01032456  |4 com 
830 0 |a Řada strojírenské literatury  |0 s 
856 4 1 |u http://www.digitalniknihovna.cz/mzk/uuid/uuid:c9199ef0-fd62-11e5-b4f9-005056827e51  |y Digitalizovaný dokument  |x NDK 
910 |a BOA001  |b 2-0343.765 
990 |a BK 
991 |b 200512 
996 7 |b 2618982764  |c 2-0343.765  |l MZK  |r Sklad / do 24 hodin  |n 0  |w 000801959  |u 000020  |a 1  |e BOA001  |j MZK50  |s A 
996 6 |b 2619121504  |c 2-0343.765  |l MZK  |r Sklad / do 24 hodin  |n 0  |w 000801959  |u 000010  |a 1  |e BOA001  |j MZK50  |s P